La provisión óptima de bienes públicos en un sistema de gobierno local (Record no. 122002)

000 -CABECERA
campo de control de longitud fija 00660nab#a2200217#c#4500
003 - IDENTIFICADOR DEL NÚMERO DE CONTROL
campo de control IEF
005 - FECHA Y HORA DE LA ÚLTIMA TRANSACCIÓN
campo de control 20191205183549.0
008 - CÓDIGOS DE INFORMACIÓN DE LONGITUD FIJA
campo de control de longitud fija 950704s1975 uuu|| #####0 b| |u
040 ## - FUENTE DE LA CATALOGACIÓN
Centro catalogador de origen IEF
Centro transcriptor ES-MaIEF
100 1# - PUNTO DE ACCESO PRINCIPAL - NOMBRE DE PERSONA
Nombre de persona Williams, Alan
9 (RLIN) 61771
245 ## - MENCIÓN DE TÍTULO
Título La provisión óptima de bienes públicos en un sistema de gobierno local
Mención de responsabilidad etc. Alan Williams
260 ## - PUBLICACIÓN, DISTRIBUCIÓN, ETC. (PIE DE IMPRENTA)
Fecha de publicación distribución etc. 1975
500 ## - NOTA GENERAL
Nota general Conclusiones,Bibliografía
650 #4 - PUNTO DE ACCESO ADICIONAL DE MATERIA--TÉRMINO DE MATERIA
Término de materia o nombre geográfico como elemento inicial BIENES PUBLICOS
9 (RLIN) 33416
650 #4 - PUNTO DE ACCESO ADICIONAL DE MATERIA--TÉRMINO DE MATERIA
Término de materia o nombre geográfico como elemento inicial ADMINISTRACION LOCAL
9 (RLIN) 7293
650 #4 - PUNTO DE ACCESO ADICIONAL DE MATERIA--TÉRMINO DE MATERIA
Término de materia o nombre geográfico como elemento inicial BIENES PUBLICOS LOCALES
9 (RLIN) 33417
773 0# - ENLACE AL DOCUMENTO FUENTE
Título Hacienda pública española
Número de control del registro relacionado 34570
Parte(s) relacionada(s) n. 35, 1975;pags. 405-419
942 ## - ELEMENTOS DE PUNTO DE ACCESO ADICIONAL (KOHA)
Fuente del sistema de clasificación o colocación
942 ## - ELEMENTOS DE PUNTO DE ACCESO ADICIONAL (KOHA)
Fuente del sistema de clasificación o colocación
Holdings
Estado de retiro Estado de pérdida Estado dañado No para préstamo Localización permanente Fecha de adquisición Signatura topográfica completa Código de barras Fecha visto por última vez Precio válido a partir de Tipo de ítem Koha
      Disponible para préstamo IEF 1995-07-04 HPE/1975/35-15 HPE/1975/35-15 2018-02-19 2018-02-19 Artículos

Powered by Koha